Φιλόστρατου ερωτικαί επιστολαί
Αποθηκεύτηκε σε:
| Κύριος συγγραφέας: | |
|---|---|
| Άλλοι συγγραφείς: | |
| Μορφή: | Βιβλίο |
| Γλώσσα: | Greek Ancient Greek |
| Δημοσίευση: |
Αθήνα :
Αφοι Τολίδη,
1984.
|
| Σειρά: | Μικρή βιβλιοθήκη αρχαίων ελλήνων συγγραφέων ;
7 |
| Θέματα: | |
| Ετικέτες: |
Προσθήκη ετικέτας
Δεν υπάρχουν, Καταχωρήστε ετικέτα πρώτοι!
|
MARC
| LEADER | 00000cam a2200000 i 4500 | ||
|---|---|---|---|
| 001 | 1/35105 | ||
| 008 | 941103s1984####gr | ||| |||| ||gre|| | ||
| 035 | |a 1989 |c ΔΩΡΕΑ |l 10039843 | ||
| 040 | |a GR-MyUA |b gre |e AACR2 | ||
| 041 | 1 | |a gre |h grc | |
| 082 | 0 | |a 886 | |
| 100 | 1 | |a Φιλόστρατος Φλάβιος |d π. 165-245. | |
| 245 | 1 | 0 | |a Φιλόστρατου ερωτικαί επιστολαί / |c Φιλόστρατος ; εισαγωγή - μετάφραση στα νέα ελληνικά Ελένης Γαρίδη. |
| 260 | |a Αθήνα : |b Αφοι Τολίδη, |c 1984. | ||
| 300 | |a 147 σ. ; |c 17 εκ. | ||
| 490 | 1 | |a (Μικρή βιβλιοθήκη αρχαίων ελλήνων συγγραφέων |v ; 7) | |
| 600 | 1 | 0 | |a Φιλόστρατος Φλάβιος |d π. 165-245. |
| 650 | 0 | 0 | |a Literature, Ancient |z Greece. |
| 700 | 1 | |a Γαρίδη, Ελένη, |e trlf | |
| 830 | 0 | |a Μικρή βιβλιοθήκη αρχαίων ελλήνων συγγραφέων ; |v 7 | |
| 852 | |a INST |b SAMOS |e 19941103 |h 886 ΦΙΛ |p 005300000294 |q 005300000294 |t BK |y 0 | ||
| 909 | |a Σ |b 000180 | ||